000 01008nam a22003017a 4500
003 CHAP
005 20220329135640.0
008 971013s1969 r 00010 d
010 _a39898
011 _a40870
035 _a44996
040 _cCHAP
082 _a632.95
_bE83
110 _aE.U.A. Department of Health, Education and Welfare
_934907
245 _aReport of the Secretary's Commission on pesticides and their relationship to enviromental health
260 _aWashington :
_bThe Department,
_c1969
300 _a677 p.
_b: ilus
590 _aBATCH-UPD
_b10
_c20130110
_lUCH01
_h0904
590 _aBATCH-UPD
_b10
_c20130410
_lUCH01
_h0532
590 _aBATCH-UPD
_b10
_c20130913
_lUCH01
_h2328
590 _aCONVERSION
_b10
_c20130109
_lUCH01
_h1322
650 1 4 _aAgua
_xContaminación.
_92351
650 1 4 _aAire
_xContaminación.
_93138
650 1 4 _aPesticidas
_xToxicidad.
_987571
901 _aBK
942 _cLIBRO
949 _a632.95 E83
_bBC
_cLIBRO
_d33724000185484
_eLIBRO
_h29515
_i44996
_mD
_si
999 _c39898
_d39898